Youtubeで再生回数2億回越えの邦楽 - サドンデス - Statistics

General Stats
  • This quiz has been taken 1,482 times
    1,356 since last reset
  • The average score is 3 of 13
Answers on the Grid
Answers color-coded by a green-red scale on the quiz's grid according to % correct below.
Lemon
LOSER
orion
Pretender
RPG
The Beginning
U.S.A
さよならエレジー
まちがいさがし
アイネクライネ
クリスマスソング
パプリカ
ピースサイン
ヘビーローテーション
マリーゴールド
ロビンソン
ワタリドリ
前前前世
千本桜
夜に駆ける
恋するフォーチュンクッキー
愛をこめて花束を
打上花火
新宝島
春雷
海の声
灰色と青
白日
香水
馬と鹿
 
Answer Stats
Answer % Correct
Lemon
89%
Pretender
42%
LOSER
30%
夜に駆ける
29%
前前前世
28%
U.S.A
27%
打上花火
19%
パプリカ
18%
白日
16%
マリーゴールド
14%
ピースサイン
12%
アイネクライネ
11%
11%
No matching quizzes found
Score Distribution
Percent of People with Each Score
Percentile by Number Answered
Your Score History
You have not taken this quiz since the last reset